| 000 | 00573cam a2200205 i 4500 | ||
|---|---|---|---|
| 005 | 20260219093048.0 | ||
| 008 | 250721s2008 xxu gr 000 0 eng d | ||
| 020 | _a1598530247 | ||
| 082 | 1 | 4 |
_a574.50973 _bM C K |
| 100 | 1 |
_amckibben, bill _eediter |
|
| 245 | 1 | 0 |
_aAmerican earth / _cedited by Bill Mckibben, foreword Al Gore. |
| 250 | _athird printing. | ||
| 264 | 3 | 1 |
_anewyork : _blibrary of america, _c2008. |
| 300 | _a1047 pages. | ||
| 650 | 1 | 7 | _aEnvionment. |
| 650 | 1 | 7 | _aUSA. |
| 650 | 1 | 7 | _aArtical. |
| 942 |
_2ddc _cBK |
||
| 999 |
_c137704 _d137704 |
||